000 00527nam a2200169Ia 4500
008 090711s9999 xx 000 0 und d
082 _b20062
100 _aआपटे ह. ना.
245 _aकेवळ स्वराज्यासाठी
260 _c1964
300 _a371
600 _aआपटे ह. ना.
630 _aकेवळ स्वराज्यासाठी
700 _aआपटे ह. ना.
730 _aकेवळ स्वराज्यासाठी
942 _cBOOK
999 _c293417
_d293417